| 000 -LEADER | |
|---|---|
| fixed length control field | 00434nam a22001697a 4500 |
| 005 - DATE AND TIME OF LATEST TRANSACTION | |
| control field | 20230128122946.0 |
| 008 - FIXED-LENGTH DATA ELEMENTS--GENERAL INFORMATION | |
| fixed length control field | 220225b ||||| |||| 00| 0 eng d |
| 020 ## - INTERNATIONAL STANDARD BOOK NUMBER | |
| ISBN | 81-85731-04-7 |
| 041 ## - LANGUAGE CODE | |
| Language code of text/sound track or separate title | eng |
| 082 ## - DEWEY DECIMAL CLASSIFICATION NUMBER | |
| Classification number | 615.19 |
| Item number | MIT-T |
| 100 ## - MAIN ENTRY--AUTHOR NAME | |
| Personal name | MITAL, B.M |
| 245 ## - TITLE STATEMENT | |
| Title | A TEXTBOOK OF PHARMACEUTICAL FORMULATION |
| 260 ## - PUBLICATION, DISTRIBUTION, ETC. (IMPRINT) | |
| Place of publication | DELHI |
| Name of publisher | VALLABH PRAKASHAN |
| Year of publication | 1997 |
| 300 ## - PHYSICAL DESCRIPTION | |
| Number of Pages | 392;p |
| 650 ## - SUBJECT ADDED ENTRY--TOPICAL TERM | |
| Topical Term | PHARMACY |
| General subdivision | D.PHARMA |
| 942 ## - ADDED ENTRY ELEMENTS (KOHA) | |
| Koha item type | Books |
| Lost status | Damaged status | Collection code | Home library | Current library | Shelving location | Date acquired | Source of acquisition | Cost, normal purchase price | Full call number | Accession Number | Koha item type |
|---|---|---|---|---|---|---|---|---|---|---|---|
| PHARMACY | JRU Library | JRU Library | SHELF-3-A | 25/02/2022 | PURCHASE | 230.00 | 615.19 | 26612 | Books | ||
| PHARMACY | JRU Library | JRU Library | SHELF-19-E | 25/02/2022 | PURCHASE | 230.00 | 615.19 | 26613 | Books | ||
| PHARMACY | JRU Library | JRU Library | SHELF-19-E | 25/02/2022 | PURCHASE | 230.00 | 615.19 | 26614 | Books | ||
| PHARMACY | JRU Library | JRU Library | SHELF-19-E | 25/02/2022 | PURCHASE | 230.00 | 615.19 | 26615 | Books | ||
| PHARMACY | JRU Library | JRU Library | SHELF-19-E | 20/01/2023 | LOHIA BOOK INTERNATIONAL | 230.00 | 615.19 MIT-T | 27329 | Books | ||
| PHARMACY | JRU Library | JRU Library | SHELF-19-E | 20/01/2023 | LOHIA BOOK INTERNATIONAL | 230.00 | 615.19 MIT-T | 27330 | Books | ||
| PHARMACY | JRU Library | JRU Library | SHELF-19-E | 20/01/2023 | LOHIA BOOK INTERNATIONAL | 230.00 | 615.19 MIT-T | 27331 | Books | ||
| PHARMACY | JRU Library | JRU Library | SHELF-19-E | 20/01/2023 | LOHIA BOOK INTERNATIONAL | 230.00 | 615.19 MIT-T | 27332 | Books | ||
| PHARMACY | JRU Library | JRU Library | SHELF-19-E | 20/01/2023 | LOHIA BOOK INTERNATIONAL | 230.00 | 615.19 MIT-T | 27333 | Books | ||
| PHARMACY | JRU Library | JRU Library | SHELF-19-E | 20/01/2023 | LOHIA BOOK INTERNATIONAL | 230.00 | 615.19 MIT-T | 27334 | Books | ||
| PHARMACY | JRU Library | JRU Library | SHELF-19-E | 20/01/2023 | LOHIA BOOK INTERNATIONAL | 230.00 | 615.19 MIT-T | 27335 | Books | ||
| PHARMACY | JRU Library | JRU Library | SHELF-19-E | 20/01/2023 | LOHIA BOOK INTERNATIONAL | 230.00 | 615.19 MIT-T | 27336 | Books |